000 00723nam a2200217 4500
999 _c170547
_d170547
005 20191217151530.0
010 _aENG-127173
020 _a9789389552065
_c749.00
035 _aEN-110705
037 _bDBAD/PUB
082 _a535
100 _aHecht, Eugene
245 _aOptics /
_cby Eugene Hecht [and] A.R.Ganesan
250 _a5th ed.
260 _aNoida
_bPearson India Education
_c2020
270 _a15th Floor, Tower-B, World Trade Tower, Plot No. 1 Block- C, Sector-16
_bNoida, Uttar Pradesh
_e201301
_mcompanysecretary.india@pearson.com
300 _a749p.
_c27cm(pbk)
500 _aIncludes bibliographical references and index
700 _aGanesan, A.R.
942 _2ddc
_cEN
_h535
_mHEC